|
|
|
|
| LEADER |
00000nam a2200000Ii 4500 |
| 001 |
DIGDESCL0137 |
| 003 |
NyNyDIG |
| 008 |
230714s2015 sp o 000 0 spa d |
| 006 |
m o d |
| 007 |
cr ||||||||||| |
| 035 |
|
|
|a (OCoLC)1391273065
|
| 040 |
|
|
|a DGITA
|b eng
|e rda
|e pn
|c DGITA
|
| 020 |
|
|
|a 9788433037343
|q eBook
|
| 020 |
|
|
|z 9788433027771
|
| 050 |
1 |
4 |
|a BF724 ebook
|
| 100 |
1 |
|
|a Guembe, Pilar,
|e author.
|
| 245 |
1 |
0 |
|a Es que soy adolescente :
|b ...y nadie me comprende /
|c Pilar Guembe, Carlos Goñi.
|
| 264 |
|
1 |
|a Bilbao :
|b Desclée De Brouwer,
|c [2015]
|
| 300 |
|
|
|a 1 online resource.
|
| 336 |
|
|
|a text
|b txt
|2 rdacontent
|
| 337 |
|
|
|a computer
|b c
|2 rdamedia
|
| 338 |
|
|
|a online resource
|b cr
|2 rdacarrier
|
| 347 |
|
|
|a text file
|2 rdaft
|
| 347 |
|
|
|b EPUB
|
| 490 |
1 |
|
|a AMAE
|
| 588 |
0 |
|
|a Online resource; title from ePub title page (Digitalia, viewed July 14, 2023)
|
| 650 |
|
0 |
|a Adolescent psychology.
|
| 650 |
|
0 |
|a Teenagers
|x Psychology.
|
| 700 |
1 |
|
|a Goñi, Carlos,
|e author.
|
| 791 |
2 |
|
|a Digitalia (Firm),
|e distributor.
|
| 793 |
0 |
|
|g Digitalia eBook Collection:
|a Desclée De Brouwer
|
| 776 |
0 |
8 |
|i Print version:
|a Guembe, Pilar.
|t Es que soy adolescente.
|d Bilbao : Desclée De Brouwer, [2015]
|z 9788433027771
|
| 830 |
|
0 |
|a AMAE (Series)
|
| 856 |
4 |
0 |
|3 Digitalia Hispánica
|u https://www.digitaliapublishing.com/a/84206/
|
| 910 |
|
|
|a Premium collection: 2023
|